LDR 00606naa#a2200169#i#450# 001 EN\\bibl\124909 005 20260605185517.5 011 ## _a1019-8946 100 ## _a20260603b2026####ek#y0engy0150####ca 102 ## _aRU 200 1# _aInnovations in the Dairy Industry: A Review of Current Scientific Publications _eJournal article 210 1# _aKemerovo _cKemerovo State University _d2026 215 ## _a10 с. 608 ## _aJournal article _2local 675 ## _aСельское хозяйство. Лесное хозяйство. Охота. Рыбное хозяйство. 63 _z 700 #1 _aSmykov _gIgor T. 856 4# _ajsocnet.ru _u